MyGZULibrary

The effective teaching of history / (Record no. 518)

MARC details
000 -LEADER
fixed length control field 01120cam a2200301 a 4500
001 - CONTROL NUMBER
control field 2979525
003 - CONTROL NUMBER IDENTIFIER
control field GZU
005 - DATE AND TIME OF LATEST TRANSACTION
control field 20200902155215.0
008 - FIXED-LENGTH DATA ELEMENTS--GENERAL INFORMATION
fixed length control field 921210s1993 enka b 001 0 eng
010 ## - LIBRARY OF CONGRESS CONTROL NUMBER
LC control number 92044657
020 ## - INTERNATIONAL STANDARD BOOK NUMBER
International Standard Book Number 0582059151 (pbk.)
040 ## - CATALOGING SOURCE
Original cataloging agency DLC
Transcribing agency DLC
Modifying agency DLC
043 ## - GEOGRAPHIC AREA CODE
Geographic area code n-us---
050 00 - LIBRARY OF CONGRESS CALL NUMBER
Classification number D16.3
Item number .BRO 1993
100 1# - MAIN ENTRY--PERSONAL NAME
Personal name Brooks, Ron,
Dates associated with a name 1939-
Relator term author
245 14 - TITLE STATEMENT
Title The effective teaching of history /
Statement of responsibility, etc. Ron Brooks, Mary Aris, Irene S. Perry.
260 ## - PUBLICATION, DISTRIBUTION, ETC.
Place of publication, distribution, etc. London ;
-- New York :
Name of publisher, distributor, etc. Longman,
Date of publication, distribution, etc. 1993.
300 ## - PHYSICAL DESCRIPTION
Extent ix, 214 p. :
Other physical details ill. ;
Dimensions 22 cm.
440 #4 - SERIES STATEMENT/ADDED ENTRY--TITLE
Title The effective teacher series
500 ## - GENERAL NOTE
General note Includes bibliographical references (p. [211]-212) and index.
504 ## - BIBLIOGRAPHY, ETC. NOTE
Bibliography, etc. note Includes bibliographical references (p. [211]-212) and index.
650 #0 - SUBJECT ADDED ENTRY--TOPICAL TERM
Topical term or geographic name entry element History
General subdivision Study and teaching (Higher)
Geographic subdivision United States.
700 1# - ADDED ENTRY--PERSONAL NAME
Personal name Aris, Mary,
Dates associated with a name 1946-
Relator term author
700 1# - ADDED ENTRY--PERSONAL NAME
Personal name Perry, Irene S.,
Dates associated with a name 1948-
Relator term author
906 ## - LOCAL DATA ELEMENT F, LDF (RLIN)
a 7
b cbc
c orignew
d 1
e ocip
f 19
g y-gencatlg
942 ## - ADDED ENTRY ELEMENTS (KOHA)
Source of classification or shelving scheme Library of Congress Classification
Koha item type Books
Classification part 16.3
Item part BRO
Call number prefix D
Holdings
Withdrawn status Lost status Source of classification or shelving scheme Damaged status Not for loan Collection code Home library Current library Shelving location Date acquired Source of acquisition Total Checkouts Full call number Barcode Date last seen Copy number Price effective from Koha item type
    Library of Congress Classification     Non-fiction City Campus Library City Campus Library General Stacks 11/19/2003 University of Zimbabwe   D16.3 BRO 1993 B016407 09/02/2020 c. 1 09/02/2020 Books
    Library of Congress Classification     Non-fiction City Campus Library City Campus Library General Stacks 11/19/2003 University of Zimbabwe   D16.3 BRO 1993 B016391 09/02/2020 c. 2 09/02/2020 Books